Online Catalogue and eLibrary

Imagining karma : (Record no. 890)

MARC details
000 -LEADER
fixed length control field 00451nam a2200157Ia 4500
005 - DATE AND TIME OF LATEST TRANSACTION
control field 20250219052256.0
008 - FIXED-LENGTH DATA ELEMENTS--GENERAL INFORMATION
fixed length control field 240331s9999 xx 000 0 und d
020 ## - INTERNATIONAL STANDARD BOOK NUMBER
ISBN 8185229155
082 ## - DDC Classification
Class No. 291.2
Item Number - Author Mark OBE
100 ## - MAIN ENTRY--PERSONAL NAME
Personal name Obesekare, G
245 #0 - TITLE STATEMENT
Title Imagining karma :
Remainder of title ethical transformation in Amerindian Buddhist,and Greek rebirth
260 ## - PUBLICATION, DISTRIBUTION, ETC.
Place of publication, distribution, etc. New Delhi
Name of publisher, distributor, etc. Tulika
Date of publication, distribution, etc. 2000
300 ## - PHYSICAL DESCRIPTION
Extent (e.g. Volumes, Pages etc.) x, 678 p .,
500 ## - GENERAL NOTE
General note Essays Presented to irfan Habib.
942 ## - Koha item type (Biblio)
Koha item type Books in Stacks (Lending)
Holdings
Lost status Damaged status Collection code Home library Current library Shelving location Date acquired Full call number Accession Number Item type
    Lending WERC Library WERC Library Social Science Cupboard 03/31/2024 291.2 OBE 4635 Books in Stacks (Lending)

© WERC Library